00529nam a2200193 a 4500001001300000003000900013005001700022008004100039020002300080082001500103100002300118245002800141260005000169300000900219500003500228505002400263650002500287700002300312nice12345678IN_TiNIC20260116014037.0050524s2002 cama grp 000 0 eng  a0521127 c79500a953.8bRAS aRasheed, Madawi Al aHistory of Saudi Arabia aCambridge bCambridge University Press c2002 a255p aincludes index and biblioraphy2 aIndex, Bibliography aSaudi Arabia-History1 aRasheed, Madawi Al